Las razones del neodesarrollismo: (respuesta a F.H. Cardoso y J.Serra) (1978) /

Guardat en:
Dades bibliogràfiques
Autor principal: Mauro Marini ,Ruy
Format: Text
Matèries:
Etiquetes: Afegir etiqueta
Sense etiquetes, Sigues el primer a etiquetar aquest registre!

MARC

LEADER 00000 a a2200000 04500
001 42296
003
040
100 |a Mauro Marini ,Ruy  
245 |a Las razones del neodesarrollismo:   |b (respuesta a F.H. Cardoso y J.Serra) (1978) /  |c Ruy Mauro Marini 
650 |a NEOLIBERALISMO  
650 |a DEPENDENCIA ECONOMICA  
650 |a AMERICA LATINA  
773 |g páginas 165-235  
999 |c 27814  |d 27814